| 000 | 01185nam a2200349 i 4500 | ||
|---|---|---|---|
| 001 | 25049 | ||
| 003 | KOSZ 005 | ||
| 005 | 20230224141532.0 | ||
| 008 | 040311s1994 pl a f 000 0 pol | ||
| 020 | _a839016129X | ||
| 040 |
_aWA N _cWA N _dKOSZ 005/RW |
||
| 080 | _a631.53 | ||
| 080 | _a631.3 | ||
| 080 | _a636.56 | ||
| 100 | 1 |
_aGrochowicz, Józef _d(1936- ) _eAutor |
|
| 245 | 1 | 0 |
_aMaszyny do czyszczenia i sortowania nasion / _cJózef Grochowicz. |
| 250 | _aWydanie 2. poprawione. | ||
| 260 |
_aLublin : _bWydawnictwo Akademii Rolniczej, _c1994. |
||
| 300 |
_a326 stron : _brysunki, wykresy ; _c24 cm. |
||
| 336 |
_aTekst _btxt _2rdacontent |
||
| 337 |
_aBez urządzenia pośredniczącego _bn _2rdamedia |
||
| 338 |
_aWolumin _bnc _2rdacarrier |
||
| 380 | _aKsiążki. | ||
| 504 | _aBibliografia przy rozdziałach. | ||
| 658 | _aInżynieria i technika | ||
| 658 | _aRolnictwo i leśnictwo | ||
| 650 | 4 | _aMaszyny | |
| 650 | 4 | _aCzyszczalnia zboża | |
| 710 | 2 |
_aAkademia Rolnicza w Lublinie. _bWydawnictwo. _4pbl. |
|
| 856 |
_uhttp://koha.tu.koszalin.pl/cgi-bin/koha/opac-detail.pl?biblionumber=25049 _yKatalog online BPK |
||
| 942 |
_2UKD _cKS |
||
| 999 |
_c25049 _d25049 |
||